000 00516nam a2200181Ia 4500
999 _c41264
_d41264
003 GCL
005 20240530103626.0
008 140319s9999 xx 000 0 ara d
040 _aGCL /
_cGCL
082 0 4 _a158.2
_bم ا
100 1 _aموزه المالكى
245 1 0 _aالازمات النفسية - العاطفية: مشاكل وحلول /
_cموزه المالكى
300 _a200 ص
490 _aكتاب
_v0
650 0 4 _aالعلاج
650 0 4 _aالامراض النفسية
942 _2ddc
_cBK